000 00549ntaaa2200181 4500
003 01
005 20251027203138.0
008 0714s1973 ag 01
040 _aAR-BaBN
_bspa
_cAR-BaBN
_eaacr
_dRIC
082 _a209.0630 H11h
100 _aEscobar, Samuel
_91057
245 _aHacia una perspectiva cristiana de la historia
250 _a1 ed.
260 _aBuenos Aires :
_bFraternidad Teologica Latinoamericana,
_c1978
300 _a80p ;
_c21 cm
500 _aDocumento del primer Coloquio de la Comunidad Kairos en abril de 1977
942 _cBK
999 _c26829
_d26829